000 00875nmm a2200289 a 4500
003 AR-BaBNM
005 20251128202854.0
008 207019s1948 ||||||||||||||000 | spa||
040 _cAR-BaBNM
100 1 _aMoreno, Juan Carlos
245 1 0 _aNuestras Malvinas y la Antártida
_bviaje de estudio y observación por la Comisión Nacional de Cultura
250 _a4ª ed.
260 _aBuenos Aires
_bJunta de Recuperación de las Malvinas
_c1948
300 0 _a296 p.
_bil., láms., tablas
500 0 _aApéndice documental p. 273-292
650 4 _aHISTORIA ECONOMICA
650 4 _aHISTORIA SOCIAL
650 4 _aHISTORIA DE LAS COSTUMBRES
650 4 _aGEOGRAFIA FISICA
650 4 _aSOBERANIA
650 4 _aDERECHOS DE LOS ESTADOS
650 4 _aDERECHOS Y PRIVILEGIOS
651 4 _aIslas Malvinas
651 4 _aAntártida
942 _cBK
998 _cmariana
999 _c974
_d974